00750nam a2200157Ia 4500008004100000020001500041050002200056050002500078110001300103245009500116260003600211300002400247505022300271650004900494650004900543120625s2007 mx 000 0 spa d a9709857231 aKGF4440bA31 2013 aAV KGF4440bA31 2007 aMéxico aLey de profesionesb : legislación en materia de educación y profesiones.c / México aMéxico b : PACc, 2007, 2013 avarias paginaciones aArticulo 3 constitucional Articulo 5 constitucional Ley reglamentaria del articulo 5 constitucional Reglamento de la ley reglamentaria Ley general de educación Ley para la coordinación de la educación superior 10aPROFESIONESxLEYES Y LEGISLACIÓNzMÉXICO20aEDUCACIÓNxLEYES Y LEGISLACIÓNzMÉXICO